| 000 | 00459nam a22001577a 4500 | ||
|---|---|---|---|
| 005 | 20251108165221.0 | ||
| 008 | 250721s1983 xx 000 0 ara d | ||
| 082 | 1 | 4 | _a922.1/عصا |
| 100 | 1 | _aالتل، حسن | |
| 245 | 1 | 0 |
_aعصام العطار : _bالزعامة المميزة / |
| 264 | 1 |
_aعمان : _bدار اللواء للصحافة و النشر، _c1983. |
|
| 300 | _a64ص | ||
| 650 | 1 | 7 | _aالتراجم |
| 942 |
_2ddc _cBK |
||
| 999 |
_c22403 _d22403 |
||